000 00822nam a2200289Ia 4500
003 OSt
005 20221006142859.0
006 a|||||r|||| 00| 0
007 ta
008 221006b |||||||| |||| 00| 0 eng d
020 _a0485131390
_c410.00
020 _a9780485131390
024 _a7,434
037 _cTextual
040 _aEASL
_cEASL
_beng
041 _2eng
_aeng
082 _aV42:1956.N07, M5
100 _aNish Ian H.
_9648645
245 0 _aAnglo-Japanese alliance
_b The diplomacy of two island empires, 1894-1907
260 _aLondon
_bThe Athlone Press
_c1985
300 _a420p.
_ccm.
490 _v JEL
650 _a JEL
650 _aGreat Britain - foreign relations - Japan
_9648646
942 _hV42:1956.N07, M5
_cTEXL
_2CC
999 _c1075520
_d1075520